Statistics for Winners of the Giro Di Lombardia since 2000.

Click here to take the quiz!

General Stats

  • This quiz has been taken 35 times
  • The average score is 13 of 22

Answer Stats

YearWinnerCountry% Correct
2021Tadej PogacarSlovenia
97%
2015Vincenzo NibaliItaly
94%
2017Vincenzo NibaliItaly
94%
2014Dan MartinIreland
81%
2018Thibaut PinotFrance
77%
2020Jakob FuglsangDenmark
71%
2010Philippe GilbertBelgium
68%
2009Philippe GilbertBelgium
68%
2019Bauke MollemaNetherlands
61%
2012Joaquim RodriguezSpain
61%
2013Joaquim RodriguezSpain
61%
2004Damiano CunegoItaly
58%
2007Damiano CunegoItaly
58%
2008Damiano CunegoItaly
58%
2016Esteban ChavesColombia
52%
2005Paolo BettiniItaly
45%
2006Paolo BettiniItaly
45%
2001Danilo Di LucaItaly
35%
2011Oliver ZauggSwitzerland
29%
2003Michele BartoliItaly
26%
2002Michele BartoliItaly
26%
2000Raimondas RumsasLithuania
23%

Score Distribution

Percentile by Number Answered

Percent of People with Each Score

Your Score History

You have not taken this quiz